Statistics for American TV Dogs

Click here to take the quiz!

General Stats

  • This quiz has been taken 27 times
    (12 since last reset)
  • The average score is 5 of 16

Answer Stats

TV Show/MovieDog% Correct
PeanutsSnoopy
90%
The Wizard of OzToto
90%
Mickey MousePluto
70%
The SimpsonsSanta's Little Helper
70%
The FlintstonesDino
60%
Toy StorySlinky
30%
Air BudBuddy
20%
FrasierEddie
20%
Full HouseComet
10%
UpDug
10%
RugratsSpike
10%
BabeFly
0%
Men In BlackFrank
0%
The SandlotHercules
0%
Our GangPete The Pup
0%
Where The North BeginsRin Tin Tin
0%

Score Distribution

Percentile by Number Answered

Percent of People with Each Score

Your Score History

You have not taken this quiz since the last reset